000 05031nam a22003017a 4500
999 _c807
_d807
003 AR-CdUCM
008 190225b ||||| |||| 00| 0 spa d
040 _aMUNICIPALIDAD PROVINCIAL DEL CUSCO
_cBIBLIOTECA MUNICIPAL DEL CUSCO
082 _a086.808 /
_bM42
100 _aMenéndez Pelayo, Marcelino
_93061
245 _aBiblioteca Internacional de Obras Famosas :
_bColección de las producciones literarias más notables del mundo, en la que están representados los más grandes escritores de los tiempos antiguos, medioevales y modernos /
260 _aMadrid - España :
_bSociedad Internacional,
_c1923.
300 _a27 tomos ;
_blaminas, ilustraciones, retratos,
_c26 cm.
505 _aContenido : t.1 : Utilidads y valor de la antología -- El encuentro más antiguo del mundo -- Los templos de Ramsés -- Memnón -- El tocado de una mujer -- Himno al adios Merodach ... t.2 : La literatura de la historia -- Á una estatua de Venus -- Fragmentos de poesía griega -- Historia de Creso -- Ética de la edad heroica -- Morir por la patria -- Sócrates ... t.3 : Breve resumen de la literatura Francesa -- Dido enamorada -- La Dido de Virgilio -- Dante y Virgilio en los infiernos -- Orígenes de Roma ... t.4 : Salomón y el cantar de los cantares -- La tierra Santa -- La muerte de Jesús -- Calígula -- Nerón ... t.5 : La literatura de la ciencia -- Tradiciones y observaciones del Talmud -- Poema de Osián -- El gran teatro -- El fantasma -- Las confesiones ... t.6 : La epopeya castellana y la Edad Media -- Las mocedades del Cid -- Episodios de la historia de Inglaterra -- Himno de la creación -- Nathan, el sabio ... t.7 : El Renacimiento de Italia -- La divina comedia -- Triunfo a la castidad -- Orlando furioso -- Margarita Pusterla -- Don Juan -- t.8 : La mística española -- Colón -- Savonarola -- Romola -- El Príncipe -- Farsa o cuasi comedia -- t.9 : Características de la literatura Isabeliana -- Don Quijote y Sancho Panza -- El forzado de Dragut -- La cena -- Guía de pecadores ... t.10 : La poesía Francesa -- Poesías -- El sueño de las calaveras -- Reina después de morir -- Fanatismo de honor -- Amor y constancia ... t.11 : Novelas que contribuyen a la historia -- La vida es sueño -- Pensamientos -- Arte Poética -- Pensamientos -- Fábulas ... t.12 : Principales corrientes de la literatura Alemana -- Pensamientos -- Carlos XX en Bender -- Las estaciones -- El diablo cojuelo -- Fábulas en verso castellano ... t.13 : Bosquejo de la literatura norteamericana -- El contrato social -- La riqueza de las naciones -- El hombre sentimental -- Poesías ... t.14 : La moral Colonial -- Ultimas horas de los girondinos -- Combate con un cañón -- La muerte del capitán Cook -- Buenos Aires ... t.15 : Muerte de Pedro Valdivia -- Muerte del capitán Lautaro -- Historias sagradas y morales -- Cautiverio feliz -- Batalla de Wateróo -- Historia Romana manuscrita -- t.16 : El pozo y el péndulo -- Tiniebla -- Corina -- La casa del Brocken -- Melodía ... t.17 : El drama moderno -- Aventuras de Míster Pickwick -- Amor de Margot -- La novela de una joven pobre -- El poder de la piel de zapa -- El hombre sin sombra ... t.18 : La poesía popular Argentina -- Tupac-Amarú -- Himno nacional Argentino -- San Martín -- Carlos Lamb -- t.19 : El ensayo crítico en Francia -- Los funerales de Tabaré -- Himno nacional de la República Oriental de Uruguay -- Noche de Santa Valpurgis -- Un rapto ... t.20 : Literatura rusa: introducción -- Su devocionario -- ¡Adelante! -- La tiranía de las rosas ... t.22 : Consideraciones generales sobre la historia de Chile -- Una cena alegre y una historia triste -- La novela y sus escollos -- A las golondrinas -- Juan y Bettina ... t.23 : Sueño y realidad -- Las tres épocas -- A Roosevelt -- La araña -- Muerte de María ... t.24 : Los hombres de letras en la historia política Argentina -- Ángeles en acecho -- Olvidar y no olvidar -- Heroísmo -- Amor junto al Océano -- Carta á Filena -- La boda de Juana Eyre ... t.25 : Influencias imitativas en la moderna literatura Peruana -- Prisión y muerte de Atabalipa -- Batalla de Chupas -- La erupción del Pichincha -- Leyes y ordenanzas de los Incas -- Escudo de Lima ... t.26 : Memorias literarias -- Fin de la monarquía Tolteca -- El último Azteca -- Guillermo Prieto -- La literatura Mexicana en el siglo XIX ... t.27 : La literatura Cubana -- Importancia social del arte -- Reconocimiento de la Isla -- La muerte de Judas -- El padre Las Casas -- Cuba primitiva ...
650 _aLiteratura universal
_9611
650 _aTiempos antiguos, medievales y modernos.
_93062
650 _aBiografía.
_922
700 _aPalma, Ricardo
_9304
700 _aVarona, Enrique José
_93063
700 _aPeña, David
_93064
700 _aMedina, José Toribio
_93065
700 _aSierra, Justo
_93066
700 _aRodó, José Enrique
_93067
700 _aGarnett, Ricardo
_93068
700 _aVallée, Léon (recopiladores)
_93069
942 _2ddc
_cLIBROS
945 _aachl
_d2019-02-25